[Event "FRM-ch 17th"]
[Site "Struga"]
[Date "2008.07.20"]
[Round "7"]
[White "Popov, Venci"]
[Black "Petkovski, Vlatko"]
[Result "1-0"]
[WhiteElo "2389"]
[BlackElo "2185"]
[PlyCount "43"]
[EventDate "2008.07.14"]
[EventType "swiss"]
[EventRounds "9"]
[EventCountry "MKD"]
[SourceTitle "CBM 125 Extra"]
[Source "ChessBase"]
[SourceDate "2008.09.01"]
[SourceVersion "1"]
[SourceVersionDate "2008.09.01"]
[SourceQuality "1"]

1. e4 c5 2. Ne2 Nc6 3. Nbc3 e5 4. Nd5 Nge7 5. Nec3 a6 6. a4 d6 7. Bc4 Nxd5 8. Nxd5 Be6 9. d3 Rb8 10. c3 Be7 11. 0-0 0-0 12. f4 exf4 13. Bxf4 Ne5 14. Bb3 Bg5 15. Qd2 Bxf4 16. Rxf4 Qg5 17. Raf1 b5 18. axb5 axb5 19. d4 c4 20. dxe5 dxe5 21. Rxf7 Qxd2 22. Rxf8+ 1-0

[Event "FRM-chT"]
[Site "Struga"]
[Date "2007.07.25"]
[Round "3"]
[White "Stojanovski, Kiril"]
[Black "Popov, Venci"]
[Result "0-1"]
[WhiteElo "2146"]
[BlackElo "2400"]
[PlyCount "84"]
[EventDate "2007.07.23"]
[EventType "team"]
[EventRounds "7"]
[EventCountry "MKD"]
[SourceTitle "CBM 119 Extra"]
[Source "ChessBase"]
[SourceDate "2007.09.04"]
[SourceVersion "1"]
[SourceVersionDate "2007.09.04"]
[SourceQuality "1"]

1. e4 c5 2. Nf3 d6 3. d4 cxd4 4. Nxd4 Nf6 5. Nc3 g6 6. g3 Bg7 7. Bg2 0-0 8. 0-0 Nc6 9. Nde2 e5 10. h3 Be6 11. Nd5 Bxd5 12. exd5 Ne7 13. c4 Nd7 14. Be3 Nf5 15. Bd2 h5 16. h4 Nh6 17. Rc1 f5 18. Bg5 Qb6 19. Qd2 Ng4 20. Rc2 e4 21. Be3 Nxe3 22. fxe3 Ne5 23. Nf4 Rac8 24. b3 Bh6 25. Qd4 Bxf4 26. Qxb6 axb6 27. gxf4 Ng4 28. Re1 b5 29. Bf1 b4 30. Rd2 Rc5 31. Kg2 Ra8 32. Kg3 Ra3 33. Bh3 Nf6 34. Bf1 Kf7 35. Kh3 b6 36. Kg3 Ng4 37. Bh3 b5 38. Bf1 bxc4 39. Bxc4 Nxe3 40. Rxe3 Rxc4 41. Kf2 Rc5 42. Re1 Raa5 0-1

[Event "FRM-chT"]
[Site "Struga"]
[Date "2007.07.24"]
[Round "2"]
[White "Popov, Venci"]
[Black "Stojchev, Goce"]
[Result "1-0"]
[WhiteElo "2400"]
[BlackElo "2264"]
[PlyCount "111"]
[EventDate "2007.07.23"]
[EventType "team"]
[EventRounds "7"]
[EventCountry "MKD"]
[SourceTitle "CBM 119 Extra"]
[Source "ChessBase"]
[SourceDate "2007.09.04"]
[SourceVersion "1"]
[SourceVersionDate "2007.09.04"]
[SourceQuality "1"]

1. e4 e5 2. Nf3 Nc6 3. Bb5 Nf6 4. 0-0 Nxe4 5. d4 Nd6 6. Bxc6 dxc6 7. dxe5 Nf5 8. Qe2 Nd4 9. Nxd4 Qxd4 10. Rd1 Bg4 11. Rxd4 Bxe2 12. Nc3 Bh5 13. Bg5 h6 14. Bh4 Bc5 15. Rc4 Be7 16. Bg3 0-0-0 17. a4 Bg6 18. Nd1 Bf5 19. Ne3 Be6 20. Re4 Rd2 21. Kf1 Rhd8 22. f4 g6 23. Be1 R2d4 24. Rxd4 Rxd4 25. g3 Bc5 26. Ke2 Re4 27. Bf2 Bg4+ 28. Kd2 Rd4+ 29. Ke1 Re4 30. Kd2 Bf3 31. c3 g5 32. b4 Bf8 33. Rf1 c5 34. Be1 g4 35. Kd3 c4+ 36. Nxc4 Be2+ 37. Kxe4 Bxf1 38. Ne3 Be2 39. c4 Kd7 40. Bc3 a5 41. bxa5 Bc5 42. Nf5 h5 43. Ng7 Bxc4 44. Nxh5 Be7 45. f5 Bg5 46. f6 Bh6 47. Ng7 Bb3 48. Kf5 Bxa4 49. e6+ fxe6+ 50. Kg6 Be3 51. f7 Bc5 52. Nh5 Bf8 53. Nf6+ Kd8 54. Nxg4 Bc2+ 55. Kf6 c5 56. Ne5 1-0

[Event "FRM-ch 14th"]
[Site "Struga"]
[Date "2005.07.14"]
[Round "6"]
[White "Veleski, Robert"]
[Black "Popov, Venci"]
[Result "0-1"]
[WhiteElo "2241"]
[BlackElo "2392"]
[PlyCount "88"]
[EventDate "2005.07.09"]
[EventType "swiss"]
[EventRounds "9"]
[EventCountry "MKD"]
[SourceTitle "CBM 107 Extra"]
[Source "ChessBase"]
[SourceDate "2005.09.01"]
[SourceVersion "1"]
[SourceVersionDate "2005.09.01"]
[SourceQuality "1"]

1. d4 e6 2. Nf3 b6 3. g3 Bb7 4. Bg2 c5 5. 0-0 Nf6 6. c4 cxd4 7. Nxd4 Bxg2 8. Kxg2 Bc5 9. Nc3 a6 10. Na4 Be7 11. Qb3 Ra7 12. Rd1 Rb7 13. c5 b5 14. Bf4 Qc8 15. Nc3 Qxc5 16. Rac1 0-0 17. a4 Qc4 18. axb5 axb5 19. Qc2 Nc6 20. Nxc6 Qxc6+ 21. f3 b4 22. Na4 Qb5 23. b3 Nd5 24. Qc4 Nxf4+ 25. gxf4 Qf5 26. Qe4 Qb5 27. Qc4 Qh5 28. e4 d6 29. Qc6 Rfb8 30. Nb2 Rb5 31. Nc4 Qh4 32. e5 Qxf4 33. Nxd6 Qg5+ 34. Kf1 Rxe5 35. Nc8 Bf8 36. Qe8 Rb7 37. Rc4 Rd5 38. Rcd4 Qf6 39. Rxd5 Qxf3+ 40. Ke1 Qh1+ 41. Kf2 Qxh2+ 42. Ke3 Qg3+ 43. Ke2 exd5 44. Rxd5 Qg2+ 0-1

[Event "FRM-ch 14th"]
[Site "Struga"]
[Date "2005.07.12"]
[Round "4"]
[White "Vukelic, Zvonimir"]
[Black "Popov, Venci"]
[Result "0-1"]
[WhiteElo "2026"]
[BlackElo "2392"]
[PlyCount "220"]
[EventDate "2005.07.09"]
[EventType "swiss"]
[EventRounds "9"]
[EventCountry "MKD"]
[SourceTitle "CBM 107 Extra"]
[Source "ChessBase"]
[SourceDate "2005.09.01"]
[SourceVersion "1"]
[SourceVersionDate "2005.09.01"]
[SourceQuality "1"]

1. e4 e6 2. d4 b6 3. Nf3 Bb7 4. Bd3 Nf6 5. Bg5 Be7 6. Bxf6 gxf6 7. Nbd2 d5 8. e5 Nd7 9. exf6 Bxf6 10. c3 c5 11. Bb5 a6 12. Bxd7+ Qxd7 13. Qe2 cxd4 14. cxd4 a5 15. Rc1 Ba6 16. Qe3 0-0 17. Rc3 Rac8 18. Nb1 Qb5 19. Qd2 Be7 20. a3 f6 21. Kd1 Qd7 22. Re1 Rce8 23. Rce3 Bd6 24. g3 b5 25. Qxa5 Bb7 26. Qd2 b4 27. axb4 e5 28. Nc3 e4 29. Nh4 Bxb4 30. f3 f5 31. Ng2 Ba6 32. fxe4 fxe4 33. Nf4 Bc4 34. Rg1 Ra8 35. Ke1 Ra2 36. Kf2 Rb8 37. Rb1 Rb6 38. Qc1 Bxc3 39. Rxc3 Qb5 40. Rc2 Qb3 41. Qd1 h5 42. Nxh5 e3+ 43. Kg1 Qd3 44. Nf4 Qxd1+ 45. Rxd1 Raxb2 46. Rxb2 Rxb2 47. Re1 Rd2 48. Rxe3 Rxd4 49. Re8+ Kf7 50. Re1 Rd2 51. h4 Kf6 52. h5 Kg5 53. Re7 d4 54. Rg7+ Kh6 55. Rg6+ Kh7 56. Rd6 d3 57. g4 Rd1+ 58. Kh2 d2 59. Kg2 Rf1 60. Rd7+ Kg8 61. Rd8+ Kh7 62. Rd7+ Kg8 63. h6 Rxf4 64. h7+ Kh8 65. Kg3 Re4 66. Rxd2 Be6 67. Kf3 Rxg4 68. Rh2 Ra4 69. Rh6 Bf5 70. Rh2 Bxh7 71. Rb2 Bg6 72. Rb6 Kg7 73. Kg3 Bf5 74. Kf3 Kf7 75. Ke3 Be6 76. Rb8 Kf6 77. Rh8 Ke5 78. Kd2 Ra3 79. Kc2 Bd5 80. Kb2 Rb3+ 81. Kc2 Kd4 82. Rh4+ Kc5 83. Rh5 Rg3 84. Rh8 Kd4 85. Rh4+ Be4+ 86. Kb2 Rg1 87. Rh8 Rb1+ 88. Ka2 Rb6 89. Rh5 Kd3 90. Rh3+ Kc2 91. Ka3 Bd3 92. Rh4 Kc3 93. Rg4 Ra6+ 94. Ra4 Rh6 95. Rg4 Rh1 96. Rg2 Ra1+ 97. Ra2 Rb1 98. Rg2 Rb4 99. Rg3 Re4 100. Rh3 Re6 101. Rh4 Ra6+ 102. Ra4 Rb6 103. Rh4 Rb1 104. Rh2 Rb3+ 105. Ka4 Rb4+ 106. Ka3 Re4 107. Rh8 Bc2 108. Rh3+ Kd2 109. Rh2+ Kc1 110. Rh1+ Bd1 0-1

[Event "Korinthos op 3rd"]
[Site "Korinthos"]
[Date "1999.07.29"]
[Round "6"]
[White "Popov, Venci"]
[Black "Miladinovic, Igor"]
[Result "0-1"]
[WhiteElo "2312"]
[BlackElo "2526"]
[PlyCount "66"]
[EventDate "1999.07.27"]
[EventType "swiss"]
[EventRounds "9"]
[EventCountry "GRE"]
[SourceTitle "EXT 2000"]
[Source "ChessBase"]
[SourceDate "1999.11.16"]
[SourceVersion "1"]
[SourceVersionDate "1999.11.16"]
[SourceQuality "1"]

1. e4 c5 2. Ne2 Nc6 3. Nbc3 e6 4. d4 cxd4 5. Nxd4 Qc7 6. Be3 a6 7. f4 b5 8. Bd3 Bb7 9. Qf3 Nf6 10. Nb3 d5 11. e5 d4 12. exf6 dxc3 13. 0-0-0 cxb2+ 14. Kxb2 Nb4 15. Qf2 gxf6 16. Bb6 Qc6 17. Na5 Qxg2 18. Qd4 Be7 19. Rhg1 Qd5 20. Nxb7 Nxd3+ 21. Rxd3 Qxb7 22. Rdg3 Qd5 23. Qc3 Rf8 24. Rd1 Qb7 25. Qd4 Rc8 26. Rgd3 Rg8 27. R1d2 Kf8 28. Ba5 Rg4 29. Qe3 f5 30. Rd7 Bf6+ 31. c3 Qc6 32. Qh3 Kg8 33. Qh5 Bxc3+ 0-1

[Event "Korinthos op 3rd"]
[Site "Korinthos"]
[Date "1999.07.28"]
[Round "5"]
[White "Graf, Rena"]
[Black "Popov, Venci"]
[Result "0-1"]
[WhiteElo "2352"]
[BlackElo "2312"]
[PlyCount "120"]
[EventDate "1999.07.27"]
[EventType "swiss"]
[EventRounds "9"]
[EventCountry "GRE"]
[SourceTitle "EXT 2000"]
[Source "ChessBase"]
[SourceDate "1999.11.16"]
[SourceVersion "1"]
[SourceVersionDate "1999.11.16"]
[SourceQuality "1"]

1. d4 Nf6 2. c4 g6 3. Nc3 d5 4. cxd5 Nxd5 5. e4 Nxc3 6. bxc3 Bg7 7. Bc4 c5 8. Ne2 0-0 9. 0-0 Nc6 10. Be3 Bg4 11. f3 Na5 12. Bxf7+ Rxf7 13. fxg4 Rxf1+ 14. Kxf1 cxd4 15. cxd4 e5 16. d5 Qh4 17. h3 Nc4 18. Qd3 Nxe3+ 19. Qxe3 Bh6 20. Qd3 Rf8+ 21. Kg1 Qf2+ 22. Kh2 Qe3 23. Rd1 Rf2 24. Qxe3 Bxe3 25. Nc3 Kf7 26. a4 a6 27. Rb1 b6 28. d6 Ke6 29. Nd5 Bd4 30. Nxb6 Kxd6 31. Nd5 Ra2 32. Rb7 Rxa4 33. Rxh7 Bc5 34. Nf6 Be3 35. h4 Bf4+ 36. Kg1 Bg3 37. Kf1 Ra2 38. g5 Rf2+ 39. Kg1 Re2 40. Rd7+ Ke6 41. Rd1 Bxh4 42. Nd5 Rxe4 43. Nc7+ Kf5 44. Nxa6 Bxg5 45. Rf1+ Kg4 46. Nc7 Be3+ 47. Kh2 Bf4+ 48. Kg1 Rd4 49. Ne6 Be3+ 50. Kh2 Rd6 51. Rf3 Rxe6 52. Rxe3 Kf4 53. Rf3+ Ke4 54. Kg3 Ra6 55. Kf2 Ra2+ 56. Kf1 g5 57. Rg3 Kf4 58. Rf3+ Kg4 59. Re3 Kf5 60. Rf3+ Ke6 0-1

[Event "Korinthos op 3rd"]
[Site "Korinthos"]
[Date "1999.07.26"]
[Round "3"]
[White "Popov, Venci"]
[Black "Vouldis, Angelos"]
[Result "0-1"]
[WhiteElo "2312"]
[BlackElo "2496"]
[PlyCount "74"]
[EventDate "1999.07.27"]
[EventType "swiss"]
[EventRounds "9"]
[EventCountry "GRE"]
[SourceTitle "EXT 2000"]
[Source "ChessBase"]
[SourceDate "1999.11.16"]
[SourceVersion "1"]
[SourceVersionDate "1999.11.16"]
[SourceQuality "1"]

1. e4 c5 2. Ne2 Nc6 3. Nbc3 g6 4. d4 cxd4 5. Nxd4 Bg7 6. Be3 Nf6 7. Bc4 0-0 8. Bb3 d6 9. h3 Bd7 10. 0-0 Nxd4 11. Bxd4 Bc6 12. Qd3 Qa5 13. Rfe1 Nd7 14. Bxg7 Kxg7 15. Rad1 Rac8 16. Re3 Qe5 17. Bd5 Nf6 18. Rf1 Qf4 19. g3 Qh6 20. Kg2 Bd7 21. h4 b5 22. a3 a5 23. Bb3 a4 24. Bd5 Qh5 25. f3 e6 26. Ba2 Qc5 27. Rf2 b4 28. axb4 Qxb4 29. Nd1 Rfd8 30. c3 Qb8 31. Rd2 Bc6 32. Qd4 e5 33. Qd3 d5 34. Qe2 dxe4 35. fxe4 Rxd2 36. Qxd2 Nxe4 37. Rxe4 Bxe4+ 0-1